000 00472nam a2200169Ia 4500
003 OSt
005 20200814102933.0
008 190216s9999||||xx |||||||||||||| ||und||
040 _coclc
082 _a543
_bLUR/H
100 _aLurie, Ju
_94121
245 0 _aHandbook Of Analytical Chemistry /
_cJu Lurie
260 _bMir Publishers,
_c1975.
_aMoscow:
300 _a488p
650 _aChemistry-Chemistry
942 _cBK
_2ddc
_h543
_iLUR/H
_k543
_mLUR/H
999 _c2031
_d2031